[Event "Challenge"]
[Site "http://www.queenalice.com/game.php?id=1333143"]
[Date "2015.1.6"]
[Round "-"]
[White "alysson_wander"]
[Black "clovis"]
[Result "0-1"]
[WhiteElo "1041"]
[BlackElo "2050"]

1. e4 e5 2. Nf3 Nc6 3. c4 Nf6 4. d3 Bc5 5. Na3 Ng4 6. h3 Nxf2 7. Qd2 Nxh1 8. Qg5
O-O 9. Qg4 Bf2+ 10. Kd1 Bc5 11. h4 Nf2+ 12. Ke1 Nxg4 13. b3 d6 14. g3 f5 0-1

[Event "Challenge"]
[Site "http://www.queenalice.com/game.php?id=1333146"]
[Date "2015.1.6"]
[Round "-"]
[White "alysson_wander"]
[Black "tucuman"]
[Result "0-1"]
[WhiteElo "1037"]
[BlackElo "1723"]

1. e4 e5 2. Nf3 d6 3. Bb5+ Bd7 4. Qe2 Bxb5 5. Qxb5+ Nd7 6. Qxb7 Ngf6 7. Na3 Qb8
8. Qc6 a6 9. O-O Be7 10. Re1 Qb6 11. Qxa8+ Bd8 12. Nc4 Qc5 13. d3 O-O 14. g3 Nb6
15. Qxa6 Nxc4 16. dxc4 Qb4 17. c3 Qb8 18. h3 h6 0-1

[Event "Challenge"]
[Site "http://www.queenalice.com/game.php?id=1333148"]
[Date "2015.1.6"]
[Round "-"]
[White "alysson_wander"]
[Black "vangogh"]
[Result "0-1"]
[WhiteElo "1053"]
[BlackElo "1582"]

1. e4 e5 2. Nf3 Nc6 3. c4 Nf6 4. d3 Bc5 5. Qd2 Ng4 6. Qg5 h5 7. Qxg7 Ke7 8. Qg5+
f6 9. Qh4 Bxf2+ 10. Ke2 Bxh4 11. Nxh4 Nd4+ 12. Kd2 c5 13. g3 Qa5+ 14. Kd1 Nf2#
0-1

[Event "Challenge"]
[Site "http://www.queenalice.com/game.php?id=1333151"]
[Date "2015.1.6"]
[Round "-"]
[White "alysson_wander"]
[Black "fabianobueno21"]
[Result "0-1"]
[WhiteElo "1023"]
[BlackElo "2097"]

1. e4 e5 2. Nf3 d6 3. Bb5+ Bd7 4. Bc4 Be7 5. b4 Nf6 6. d3 a6 7. O-O Nc6 8. c3 a5
9. Na3 axb4 10. cxb4 Nxb4 11. Qb3 O-O 12. Qxb4 d5 13. Bb3 Bxb4 14. Nxe5 Bxa3 15.
Bxd5 Nxd5 16. exd5 Bxc1 17. Rfxc1 Bb5 18. Rd1 Qxd5 19. f4 f6 0-1

[Event "Challenge"]
[Site "http://www.queenalice.com/game.php?id=1333155"]
[Date "2015.1.6"]
[Round "-"]
[White "alysson_wander"]
[Black "Lordul"]
[Result "0-1"]
[WhiteElo "1051"]
[BlackElo "1811"]

1. e4 e5 2. Nf3 d6 3. Bb5+ c6 4. Ba4 Bg4 5. Qe2 a6 6. O-O b5 7. Bb3 h5 8. h3
Bxf3 9. Qxf3 Nf6 10. Nc3 Ra7 11. d3 a5 12. Be3 Rb7 13. g3 a4 14. Bxa4 bxa4 15.
Nxa4 Nbd7 16. Rab1 d5 17. Nc5 Bxc5 18. a4 Bxe3 19. Qxe3 d4 0-1

[Event "Challenge"]
[Site "http://www.queenalice.com/game.php?id=1333583"]
[Date "2015.1.8"]
[Round "-"]
[White "alysson_wander"]
[Black "Camy"]
[Result "0-1"]
[WhiteElo "1031"]
[BlackElo "1691"]

1. e4 e6 2. Nf3 d5 3. Bb5+ Bd7 4. a4 c6 5. Bd3 Nf6 6. e5 Ng4 7. h3 Nh6 8. b4
Bxb4 9. c3 Bc5 10. Qb3 Na6 11. Qxb7 Nc7 12. Qb3 Rb8 13. Qc2 Nf5 14. g4 Nh4 15.
Ke2 Kf8 16. g5 Nxf3 0-1

[Event "Challenge"]
[Site "http://www.queenalice.com/game.php?id=1333585"]
[Date "2015.1.8"]
[Round "-"]
[White "alysson_wander"]
[Black "Aspayne"]
[Result "0-1"]
[WhiteElo "1045"]
[BlackElo "2002"]

1. e4 c6 2. b4 d5 3. Nf3 dxe4 4. Ng5 Nf6 5. Nxe4 Nxe4 6. d3 Nf6 7. f3 e5 8. Nc3
Bxb4 9. Qd2 Qd4 10. a3 Bxc3 11. Rb1 Na6 12. Rb4 Nxb4 13. axb4 O-O 0-1

[Event "Challenge"]
[Site "http://www.queenalice.com/game.php?id=1333586"]
[Date "2015.1.8"]
[Round "-"]
[White "alysson_wander"]
[Black "Aspayne"]
[Result "0-1"]
[WhiteElo "1043"]
[BlackElo "2004"]

1. e4 Nf6 2. d3 e5 3. c4 Be7 4. Nc3 O-O 5. g3 c6 6. Bh3 d6 7. Bf5 Nbd7 8. Qb3
Nc5 9. Qc2 Bxf5 10. exf5 Rc8 11. b4 Ncd7 12. Qa4 Nb6 13. Qxa7 e4 14. Qxb7 exd3
0-1

[Event "Challenge"]
[Site "http://www.queenalice.com/game.php?id=1333587"]
[Date "2015.1.8"]
[Round "-"]
[White "alysson_wander"]
[Black "Aspayne"]
[Result "0-1"]
[WhiteElo "1047"]
[BlackElo "2000"]

1. e4 d5 2. d3 dxe4 3. dxe4 Qxd1+ 4. Kxd1 g6 5. Bb5+ Bd7 6. a4 Bg7 7. Ne2 Nh6 8.
Bf4 c6 9. Bc4 O-O 10. Nbc3 Ng4 11. Rf1 Rd8 12. b4 Na6 13. Rb1 Rac8 0-1

[Event "Challenge"]
[Site "http://www.queenalice.com/game.php?id=1333588"]
[Date "2015.1.8"]
[Round "-"]
[White "alysson_wander"]
[Black "Aspayne"]
[Result "0-1"]
[WhiteElo "1049"]
[BlackElo "1998"]

1. e4 e5 2. Nf3 Nc6 3. c4 Nf6 4. d3 d6 5. g3 Be7 6. Be2 Be6 7. O-O Qd7 8. Qb3
O-O-O 9. Nc3 h5 10. Qa4 Ng4 11. h3 Nf6 12. b4 Bxh3 13. b5 Nb8 14. Qxa7 Nh7 0-1